Normal view
MARC view
- Kelly, Daniel,
Entry Personal Name
001 - CONTROL NUMBER
- control field: 5897
003 - CONTROL NUMBER IDENTIFIER
- control field: URS
005 - DATE AND TIME OF LATEST TRANSACTION
- control field: 20240718181259.0
008 - FIXED-LENGTH DATA ELEMENTS
- fixed length control field: 240718|| aca||aabn | a|a d
040 ## - CATALOGING SOURCE
- Original cataloging agency: URS
100 ## - HEADING--PERSONAL NAME
- Personal name: Kelly, Daniel,
- Relator term: author.